VYUŽITIE BENCHMARKINGU AKO NÁSTROJA HOSPODÁRSKEHO RASTU

Bibliographic Details
Main Author: Harach, Ľubomír, 1953- (Author)
Format: Article
Language:Slovak
ISBN:8071007633

MARC

LEADER 00000naa a2200000uu 4500
001 vtls010958323
003 SK-MaSNL
005 20260429084323.0
008 210905|2000 xo |||||||||||||||||slo|
015 |a SNBRA 
035 |a (urnnbn)urn:nbn:sk:snk:ar-a0bpnk 
035 |a (uuid)b0051fea-6aa4-42d7-851c-23ead1cfa85c 
035 |a urn:nbn:sk:snk-aauhdj 
040 |a SNKBUCL  |b slo  |c SNKBUCL  |e AACR2 
041 0 |a slo 
044 |a xo  |c SK 
100 1 |a Harach, Ľubomír,  |d 1953-  |4 aut  |9 18877 
245 1 0 |a VYUŽITIE BENCHMARKINGU AKO NÁSTROJA HOSPODÁRSKEHO RASTU  |c Ľubomír Harach 
773 0 |t Produktivita a inovácie, predpoklad konkurencie a exportnej schopnosti podnikov  |d Žilina : Žilinská univerzita, 2000  |g S. 39-41  |z 8071007633 
958 |a OND 
958 |a article11 
958 |a chapter 
999 |c 1310821  |d 1312751